Tiere in Minecraft - Statistiken

Allgemein
  • Dieses Quiz wurde 205 mal gespielt
  • Das Durchschnittsergebnis liegt bei 9 aus 11
Answers on the Grid
Answers color-coded by a green-red scale on the quiz's grid according to % correct below.
Pilzkuh
Kabeljau
Kugelfisch
Leuchttintenfisch
Ozelot
Maultier
Skelettpferd
Fledermaus
Schildkröte
Biene
Lama
Löwe
Zebra
Orang Utan
Waschbär
Ente
Feldhamster
Zwergmaus
Schmetterling
Pinguin
Adler
Möwe
Krokodil
Känguru
Nashorn
 
Antwortstatistiken
Antwort % Korrekt
Biene
89%
Pilzkuh
87%
Schildkröte
87%
Kugelfisch
86%
Ozelot
86%
Skelettpferd
86%
Fledermaus
84%
Lama
84%
Leuchttintenfisch
82%
Kabeljau
80%
Maultier
74%
Keine übereinstimmenden Quizze gefunden
Verteilung der Resultate
Anzahl Personen mit jedem Resultat
Perzentil nach korrekt beantworteten Fragen
Ihre Resultats-Entwicklung
Sie haben dieses Quiz noch nicht gespielt